| 000 | 00658nam a2200181 a 4500 | ||
|---|---|---|---|
| 008 | 110908s1994 ||||||||||||||||| || u | ||
| 020 | _a0030555078 | ||
| 050 | _aQP 34.5 Win | ||
| 100 | _aWingerd, Bruce D | ||
| 245 | 1 | 4 | _aThe human body: concepts of anatomy and physiology |
| 260 |
_aPhiladelphia, PA _bSaunders Elsevier _c1994 |
||
| 300 | _axxiv, 614p.: ill. | ||
| 350 | _a0.00 | ||
| 650 | 3 | _aANATOMY | |
| 650 | 0 | _aHUMAN ANATOMY | |
| 650 | 0 | _aHUMAN PHYSIOLOGY | |
| 995 |
_aMEDICAL LIBRARY OPEN ACCESS _D0.00 _e900478 _FCBU-SCHOOL OF MEDICINE LIBRARY (Ndola) _H1 _I0.00 _jQP 34.5 Win _M1 _UAVAILABLE _WDec 9, 2011 _y900478 _ZMedical Library Open Access Collection |
||
| 999 |
_c31723 _d31723 |
||